000 00478nam a2200169 i 4500
001 64867
003 ES-MaACL
005 20251017063052.0
007 t|
008 040107s1917 fr ||||1| fre d
100 1 _aFort, Paul,
_d1872-1960
_951836
245 1 0 _aAnthologie des ballades françaises
_b: 1897-1917 /
_cPaul Fort.
260 _aParis :
_bMercure de France,
_c1917.
300 _a386 p. ;
_c18 cm.
852 _aES-MaACL
_jG-3237
999 _c64867
_d64867